| 000 | 00754nam a2200205 a 4500 | ||
|---|---|---|---|
| 001 | 5501 | ||
| 003 | CDMR | ||
| 005 | 20131113134034.0 | ||
| 008 | 130130s2004||||||||||||||||||||||||||||d | ||
| 040 |
_aCDMR _bcat _cCDMR |
||
| 245 | 0 | 0 |
_aRadiografia prèvia al Llibre Blanc de la professió periodística a Catalunya _b: informe de la recerca quantitativa _cdirecció de la recerca: Jaume Soriano |
| 260 |
_aBarcelona _bUniversitat Autònoma de Barcelona |
||
| 260 |
_c2004 _bCol·legi de Periodistes de Catalunya |
||
| 300 | _a154 p. | ||
| 650 | 0 | 4 |
_92400 _aPeriodistes _zCatalunya |
| 650 | 0 | 4 |
_93083 _aCompetències professionals |
| 650 | 0 | 4 |
_92767 _aPeriodistes _xSituació legal, lleis, etc |
| 700 | 1 |
_93239 _aSoriano Clemente, Jaume _edir. |
|
| 942 |
_cMON _2ddc |
||
| 999 |
_c5501 _d5501 |
||